<?xml version="1.0" encoding="UTF-8"?>
<collection xmlns="http://www.loc.gov/MARC21/slim">
 <record>
  <leader>02412nam a2200385 i 4500</leader>
  <controlfield tag="001">000704149</controlfield>
  <controlfield tag="003">CZ-PrGP</controlfield>
  <controlfield tag="005">20231229121538.0</controlfield>
  <controlfield tag="007">cr cn</controlfield>
  <controlfield tag="008">221111s2020    xr            000 0 cze</controlfield>
  <datafield tag="STA" ind1=" " ind2=" ">
   <subfield code="a">NEZPRACOVANÝ IMPORT</subfield>
  </datafield>
  <datafield tag="020" ind1=" " ind2=" ">
   <subfield code="a">978-80-7598-700-6</subfield>
   <subfield code="c">292 Kč</subfield>
   <subfield code="q">(online ; epub)</subfield>
  </datafield>
  <datafield tag="020" ind1=" " ind2=" ">
   <subfield code="a">978-80-7598-699-3</subfield>
   <subfield code="c">325 Kč</subfield>
   <subfield code="q">(print)</subfield>
  </datafield>
  <datafield tag="072" ind1=" " ind2="7">
   <subfield code="a">BUS027000</subfield>
   <subfield code="x">BUSINESS &amp; ECONOMICS / Finance</subfield>
   <subfield code="2">bisacsh</subfield>
  </datafield>
  <datafield tag="100" ind1="1" ind2=" ">
   <subfield code="a">Jiří, Blažek</subfield>
  </datafield>
  <datafield tag="245" ind1="1" ind2="0">
   <subfield code="a">Ekonomické základy práva</subfield>
   <subfield code="c">Blažek Jiří, Janovec Michal, Pařízková Ivana, Tomášková Eva, Schweigl Johan</subfield>
  </datafield>
  <datafield tag="250" ind1=" " ind2=" ">
   <subfield code="a">1. elektronické vydání</subfield>
  </datafield>
  <datafield tag="264" ind1=" " ind2="1">
   <subfield code="b">Wolters Kluwer</subfield>
   <subfield code="c">2020</subfield>
  </datafield>
  <datafield tag="300" ind1=" " ind2=" ">
   <subfield code="a">1 online zdroj (188 stran)</subfield>
  </datafield>
  <datafield tag="336" ind1=" " ind2=" ">
   <subfield code="a">text</subfield>
   <subfield code="b">txt</subfield>
   <subfield code="2">rdacontent</subfield>
  </datafield>
  <datafield tag="337" ind1=" " ind2=" ">
   <subfield code="a">počítač</subfield>
   <subfield code="b">c</subfield>
   <subfield code="2">rdamedia</subfield>
  </datafield>
  <datafield tag="338" ind1=" " ind2=" ">
   <subfield code="a">online zdroj</subfield>
   <subfield code="b">cr</subfield>
   <subfield code="2">rdacarrier</subfield>
  </datafield>
  <datafield tag="520" ind1="3" ind2=" ">
   <subfield code="a">&lt;p&gt;Učebnice Ekonomické základy práva je skvělým propojením základních informací z oblasti práva a ekonomie. Už v úvodu je vysvětlen dlouhodobý vztah, který mezi oběma odvětvími panuje a zároveň důležitost, proč by studenti těchto oborů měli ovládat aspoň základy oboru druhého.&lt;/p&gt; &lt;p&gt;Kromě obecných informací o vztahu ekonomie a práva zde čtenáři najdou i kapitoly o jednotlivých formách ekonomicky činných subjektů, kapitolu věnující se účetnímu pohledu a auditu, financování a úroku (kdy by tato kapitola mohla sloužit i jako základ pro správné/odpovědné finanční chování), kapitolu vysvětlující daně, management a marketing, pracovně právní problematiku a na závěr kapitolu o ukončení činnosti, insolvenci a likvidaci.&lt;/p&gt; &lt;p&gt;Kniha je zpracovaná velmi přehledně a věcně. Autoři (odborníci na jednotlivá témata) počítali s tím, že bude kniha sloužit především jako učebnice, díky které čtenáři pochopí úplné základy, vztahy mezi jednotlivými odvětvími a jejich propojení.&lt;/p&gt;</subfield>
  </datafield>
  <datafield tag="650" ind1="0" ind2="4">
   <subfield code="a">Finance a investování</subfield>
  </datafield>
  <datafield tag="700" ind1="1" ind2=" ">
   <subfield code="a">Janovec Michal</subfield>
  </datafield>
  <datafield tag="700" ind1="1" ind2=" ">
   <subfield code="a">Pařízková Ivana</subfield>
  </datafield>
  <datafield tag="700" ind1="1" ind2=" ">
   <subfield code="a">Tomášková Eva</subfield>
  </datafield>
  <datafield tag="700" ind1="1" ind2=" ">
   <subfield code="a">Schweigl Johan</subfield>
  </datafield>
  <datafield tag="856" ind1="4" ind2="0">
   <subfield code="u">https://www.bookport.cz/AccountSaml/SignIn/?idp=https://id.vse.cz/idp/shibboleth&amp;returnUrl=/kniha/ekonomicke-zaklady-prava-11149/</subfield>
   <subfield code="y">Plný text</subfield>
  </datafield>
  <datafield tag="BAS" ind1=" " ind2=" ">
   <subfield code="a">BOOKPORT</subfield>
  </datafield>
  <datafield tag="BAS" ind1=" " ind2=" ">
   <subfield code="a">EB</subfield>
  </datafield>
  <datafield tag="LKR" ind1=" " ind2=" ">
   <subfield code="a">PAR</subfield>
   <subfield code="b">000674805</subfield>
   <subfield code="l">UEP01</subfield>
   <subfield code="r">776</subfield>
   <subfield code="m">E-book</subfield>
   <subfield code="n">Tištěná verze</subfield>
  </datafield>
  <datafield tag="993" ind1=" " ind2=" ">
   <subfield code="x">NEPOSILAT</subfield>
   <subfield code="y">EB</subfield>
  </datafield>
 </record>
</collection>
